Prancer [DVD/videorecording] / Metro Goldwyn Meyer ... Read More
Available copies
- 4 of 4 copies available at LARL/NWRL Consortium.
- 4 of 4 copies available at Northwest Regional Library. (Show preferred library)
Current holds
0 current holds with 4 total copies.
Show Only Available Copies
| Location | Call Number / Copy Notes | Barcode | Shelving Location | Status | Due Date |
|---|---|---|---|---|---|
| Godel Memorial-Warren Library | DVD j PRA (Text) | 35500005328891 | Main | Available | - |
| Godel Memorial-Warren Library | DVD j PRA (Text) | 35500006386971 | Main | Available | - |
| Greenbush Public Library | DVD j PRA (Text) | 35500004593487 | Main | Available | - |
| Warroad Public Library | DVD j PRA (Text) | 35500005327026 | Main | Available | - |
Record details
- ISBN: 9780792851004
- ISBN: 0792851005
- ISBN: 027616865885
- Physical Description: 1 videodisc (103 min.) : sd., col. ; 4 3/4 in.
- Publisher: Santa Monica, CA : MGM Home Entertainment, 2001, c1989.
Content descriptions
| General Note: | Videodisc release of the 1989 motion picture. Includes original theatrical trailer. |
| Creation/Production Credits Note: | Music composed and conducted by Maurice Jarre. |
| Participant or Performer Note: | Rebecca Harrell, Sam Elliott, Cloris Leachman, Abe ... Read More |
| Summary, etc.: | A little girl finds a wounded reindeer in the ... Read More |
| Target Audience Note: | MPAA rating: Not rated. |
| System Details Note: | DVD; Dolby digital, stereo. surround (English), ... Read More |
| Language Note: | Includes English and French soundtracks, with ... Read More Closed-captioned. |
Search for related items by subject
| Subject: | Reindeer > Drama. Girls > Drama. Venados > Teatro. Muchachas > Teatro. Navidad > Teatro. |
| Genre: | Christmas plays. Feature films. Christmas films. Children's films. Video recordings for the hearing impaired. |
| LDR | 03202cgm a2200637Ia 4500 | ||
|---|---|---|---|
| 001 | 63164 | ||
| 003 | LARL_NWRL_CONSORTIUM | ||
| 005 | 20051102091036.0 | ||
| 007 | vd cvaizk | ||
| 008 | 011012s2001 cau103 j vleng d | ||
| 020 | . | ‡a9780792851004 | |
| 020 | . | ‡a0792851005 | |
| 020 | . | ‡a027616865885 | |
| 028 | 4 | 2. | ‡a1002377 ‡bMGM Home Entertainment |
| 035 | . | ‡a(OCoLC)48135872 | |
| 040 | . | ‡aHCO ‡cHCO ‡dIHI ‡dRCS | |
| 041 | 1 | . | ‡aeng ‡afre ‡bspa ‡beng ‡bfre ‡bspa ‡heng |
| 082 | 0 | 4. | ‡a791.43/72 ‡222 |
| 245 | 0 | 0. | ‡aPrancer ‡h[DVD/videorecording] / ‡cMetro Goldwyn Meyer ; an Orion Pictures release ; Nelson Entertainment presents in association with Cineplex Odeon Films ; produced by Raffaella De Laurentiis ; directed by John Hancock ; written by Greg Taylor. |
| 260 | . | ‡aSanta Monica, CA : ‡bMGM Home Entertainment, ‡c2001, c1989. | |
| 300 | . | ‡a1 videodisc (103 min.) : ‡bsd., col. ; ‡c4 3/4 in. | |
| 538 | . | ‡aDVD; Dolby digital, stereo. surround (English), mono. (French), widescreen (16:9 widescreen 1.85:1) theatrical release, enhanced for widescreen TVs. | |
| 546 | . | ‡aIncludes English and French soundtracks, with optional English, French and Spanish subtitles. | |
| 546 | . | ‡aClosed-captioned. | |
| 511 | 1 | . | ‡aRebecca Harrell, Sam Elliott, Cloris Leachman, Abe Vigoda, Michael Constantine, Rutanya Alda, Ariana Richards. |
| 508 | . | ‡aMusic composed and conducted by Maurice Jarre. | |
| 500 | . | ‡aVideodisc release of the 1989 motion picture. | |
| 521 | 8 | . | ‡aMPAA rating: Not rated. |
| 520 | . | ‡aA little girl finds a wounded reindeer in the woods and believes it is Prancer. Her efforts to nurse it back to health so she can return it to Santa bring about wonderful changes in the lives of everyone- her father, their neighbor, a grouchy vet, a department store Santa and the people of the town. | |
| 500 | . | ‡aIncludes original theatrical trailer. | |
| 650 | 0. | ‡aReindeer ‡vDrama. | |
| 650 | 0. | ‡aGirls ‡vDrama. ‡0(LARL_NWRL_CONSORTIUM)165488 | |
| 655 | 0. | ‡aChristmas plays. | |
| 650 | 7. | ‡aVenados ‡vTeatro. ‡2bidex | |
| 650 | 7. | ‡aMuchachas ‡vTeatro. ‡2bidex | |
| 650 | 7. | ‡aNavidad ‡vTeatro. ‡2bidex | |
| 655 | 0. | ‡aFeature films. ‡0(LARL_NWRL_CONSORTIUM)175625 | |
| 655 | 0. | ‡aChristmas films. ‡0(LARL_NWRL_CONSORTIUM)175648 | |
| 655 | 0. | ‡aChildren's films. ‡0(LARL_NWRL_CONSORTIUM)175624 | |
| 655 | 0. | ‡aVideo recordings for the hearing impaired. ‡0(LARL_NWRL_CONSORTIUM)175744 | |
| 700 | 1 | . | ‡aDeLaurentiis, Raffaella. ‡0(LARL_NWRL_CONSORTIUM)112678 |
| 700 | 1 | . | ‡aHancock, John, ‡d1939- ‡0(LARL_NWRL_CONSORTIUM)205426 |
| 700 | 1 | . | ‡aHarrell, Rebecca, ‡d1980- |
| 700 | 1 | . | ‡aElliott, Sam, ‡d1944- ‡0(LARL_NWRL_CONSORTIUM)142397 |
| 700 | 1 | . | ‡aLeachman, Cloris. ‡0(LARL_NWRL_CONSORTIUM)69054 |
| 700 | 1 | . | ‡aVigoda, Abe, ‡d1921- ‡0(LARL_NWRL_CONSORTIUM)143023 |
| 700 | 1 | . | ‡aConstantine, Michael. ‡0(LARL_NWRL_CONSORTIUM)136685 |
| 710 | 2 | . | ‡aNelson Entertainment (Firm) ‡0(LARL_NWRL_CONSORTIUM)139756 |
| 710 | 2 | . | ‡aMGM Home Entertainment Inc. ‡0(LARL_NWRL_CONSORTIUM)143790 |
| 901 | . | ‡a63164 ‡bOCLC ‡c63164 ‡tbiblio | |

Add to basket
Permalink
Disable Highlighting